Cases in strategic management (Record no. 78080)

MARC details
000 -LEADER
fixed length control field 00741nam a2200181 a 4500
008 - FIXED-LENGTH DATA ELEMENTS--GENERAL INFORMATION
fixed length control field 120416s1991 ||||||||||||||||| || u
020 ## - INTERNATIONAL STANDARD BOOK NUMBER
International Standard Book Number 0273033379
050 ## - LIBRARY OF CONGRESS CALL NUMBER
Classification number HD 30.28 Cla
100 ## - MAIN ENTRY--PERSONAL NAME
Personal name Clarke-Hill, Colin
245 10 - TITLE STATEMENT
Title Cases in strategic management
260 ## - PUBLICATION, DISTRIBUTION, ETC.
Place of publication, distribution, etc. London
Name of publisher, distributor, etc. Pitman Publishing
Date of publication, distribution, etc. 1991
300 ## - PHYSICAL DESCRIPTION
Extent xvii, 382p. : ill.
350 ## -
-- 0.00
650 #0 - SUBJECT ADDED ENTRY--TOPICAL TERM
Topical term or geographic name entry element MANAGEMENT
650 ## - SUBJECT ADDED ENTRY--TOPICAL TERM
Topical term or geographic name entry element STRATEGIC MANAGEMENT
995 ## -
-- MAIN LIBRARY OPEN ACCESS
-- 0.00
-- 723523
-- CBU-MAIN LIBRARY (Kitwe)
-- 1
-- 17.99
-- HD 30.28 Cla
-- 1
-- AVAILABLE
-- 003090
-- Main Library Open Access Collection
995 ## -
-- MAIN LIBRARY OPEN ACCESS
-- 0.00
-- 723524
-- CBU-MAIN LIBRARY (Kitwe)
-- 2
-- 17.99
-- HD 30.28 Cla
-- 2
-- AVAILABLE
-- 003091
-- Main Library Open Access Collection
999 ## -
-- 78080
-- 78080
Holdings
Withdrawn status Lost status Source of classification or shelving scheme Damaged status Not for loan Permanent Location Current Location Shelving location Date acquired Total Checkouts Full call number Barcode Date last seen Copy number Price effective from Koha item type
          CBU-MAIN LIBRARY, KITWE. CBU-MAIN LIBRARY, KITWE.   05/03/2023   HD 30.28 Cla 003090 05/03/2023 1 05/03/2023 MONOGRAPH
          CBU-MAIN LIBRARY, KITWE. CBU-MAIN LIBRARY, KITWE.   05/03/2023   HD 30.28 Cla 003091 05/03/2023 2 05/03/2023 MONOGRAPH